| 000 | 00950nas a2200325 4500 | ||
|---|---|---|---|
| 001 | BR0302736 | ||
| 003 | BR-BrBNA | ||
| 005 | 20231205103825.0 | ||
| 007 | ta | ||
| 008 | 230509b bl.|||p| |||| 00| 00por d | ||
| 040 |
_aBR-BrBNA _bpor _cBiblioteca Nacional de Agricultura |
||
| 041 | _a(Pt) | ||
| 072 | _aE70 | ||
| 100 | 1 | _aAcosta, A. | |
| 100 | 1 | _aBarros, A.C.S.A. | |
| 100 | 1 | _aPeske, S.T. | |
| 245 | 1 | _aTipologias e composto mercadológico de empresas de sementes de trigo e soja do Rio Grande do Sul | |
| 650 | _aSEMENTE | ||
| 650 | _aTRIGO | ||
| 650 | _aSOJA | ||
| 650 | _aEMPRESA AGRÍCOLA | ||
| 650 | _aAGRIBUSINESS | ||
| 650 | _aMÉTODO ESTATÍSTICO | ||
| 650 | _aPESQUISA DE MERCADO | ||
| 650 | _aMERCADO | ||
| 650 | _aRIO GRANDE DO SUL | ||
| 773 | 0 |
_tRevista Brasileira de Sementes (Brazil) _xISSN 0101-3122 _g(2002), v. 24(1) p. 81-90 _wBR0302736 |
|
| 909 |
_a202311 _bLúcia _c55 _dLúcia Elande |
||
| 942 |
_2AGRIS _n0 _cANA |
||
| 999 |
_c174918 _d174918 |
||